| 000 | 00847nam a2200277 i 4500 | ||
|---|---|---|---|
| 001 | 67696 | ||
| 003 | ES-MaACL | ||
| 005 | 20230906170131.0 | ||
| 007 | t| | ||
| 008 | 040611s2003 sp f |||| |dspa d | ||
| 020 | _a84-96044-15-7 | ||
| 080 | _a929 Balius, Jaime | ||
| 080 | _a329.285(460)"1936/39" | ||
| 100 | 1 |
_aAmorós, Miquel. _921317 |
|
| 245 | 1 | 3 |
_aLa revolución traicionada _b: la verdadera historia de Balius y los Amigos de Durruti / _cMiquel Amorós. |
| 250 | _a1ª ed. | ||
| 260 |
_aBarcelona : _bVirus, _c2003. |
||
| 300 |
_a444 p., [16] p. de lám. ; _c21 cm. |
||
| 490 | 1 | _aVirus memoria | |
| 600 | 1 | 4 |
_aBalius, Jaime. _924945 |
| 610 | 2 | 4 |
_aAmigos de Durruti. _9168764 |
| 650 | 4 |
_aAnarquismo- _zEspaña- _y1936-1939. _99792 |
|
| 830 | 1 |
_aVirus memoria _9230913 |
|
| 852 |
_aES-MaACL _jL-27895 |
||
| 999 |
_c67696 _d67696 |
||